000 00922nam a22002777a 4500
003 BUBTL
008 130608b xxu||||| |||| 00| 0 eng d
020 _a9788120320581
024 _cAvailable
037 _cAvailable
040 _aMBSTU LIBRARY
_dMBSTU LIBRARY
082 _222
_a621.3/ G254o/ 2015
100 _aGayakwad, Ramakant A.
_92896
245 _aOp-Amps and linear integrated circuits /
_cRamakant A. Gayakwad
250 _a4th Edn.
260 _aNew Delhi:
_bPHI Learning Private Ltd,
_cc2000.
270 _aNew Delhi
_bNew Delhi
_dIndia
300 _axv, 543 p.:
_g24 cm.
365 _b261.00
_d261.00
505 _aOp-Amps and linear integrated circuits, Op-Amps and linear, integrated circuits, Ramakant A. Gayakwad
600 _2Applied physics.
650 0 _94295
_aElectrical and Electronic Engineering
856 _k0
_l0
_yDownload
942 _2ddc
_cBK
999 _c435
_d435